Beste Bundesliga Torschützen 1. FC Union Berlin - Statistiken

Allgemein
  • Dieses Quiz wurde 474 mal gespielt
    106 seit der letzten Aktualisierung
  • Das Durchschnittsergebnis liegt bei 4 aus 6
Antwortstatistiken
Saison Nationalität Tore Spieler % Korrekt
2022/23 Suriname 11 Sheraldo Becker
80%
2020/21 Deutschland 11 Max Kruse
74%
2024/25 Deutschland 9 Benedict Hollerbach
65%
2021/22 Nigeria 15 Taiwo Awoniyi
61%
2019/20 Schweden 12 Sebastian Andersson
55%
2023/24 Deutschland 6 Robin Gosens
32%
Keine übereinstimmenden Quizze gefunden
Verteilung der Resultate
Anzahl Personen mit jedem Resultat
Perzentil nach korrekt beantworteten Fragen
Ihre Resultats-Entwicklung
Sie haben dieses Quiz seit der letzten Aktualisierung nicht gespielt